Welcome to WEB OPAC of MRSPTU Central Library

If you are afraid of heights (Record no. 5302)

MARC details
000 -LEADER
fixed length control field 00387nam a2200169Ia 4500
008 - FIXED-LENGTH DATA ELEMENTS--GENERAL INFORMATION
fixed length control field 230711s9999||||xx |||||||||||||| ||und||
020 ## - INTERNATIONAL STANDARD BOOK NUMBER
International Standard Book Number 0-330-49327-2
041 ## - LANGUAGE CODE
Language code of text/sound track or separate title ENG
082 ## - DEWEY DECIMAL CLASSIFICATION NUMBER
Classification number 800
Item number JA-C
100 ## - MAIN ENTRY--PERSONAL NAME
Personal name Jha,Raj Kamal
245 #0 - TITLE STATEMENT
Title If you are afraid of heights
250 ## - EDITION STATEMENT
Edition statement 1st . Ed.
260 ## - PUBLICATION, DISTRIBUTION, ETC.
Date of publication, distribution, etc. 1994
Place of publication, distribution, etc. London
Name of publisher, distributor, etc. Picador
300 ## - PHYSICAL DESCRIPTION
Extent 151
650 ## - SUBJECT ADDED ENTRY--TOPICAL TERM
Topical term or geographic name entry element Literature
942 ## - ADDED ENTRY ELEMENTS (KOHA)
Koha item type Book
Holdings
Withdrawn status Lost status Damaged status Not for loan Collection Home library Current library Date acquired Total checkouts Full call number Barcode Date last seen Date last checked out Price effective from Koha item type
          MRSPTU Central Library MRSPTU Central Library   1 800 JA-C 20294 02/07/2025 01/20/2025 08/17/2023 Book

Website Designed and Developed by MRSPTU Central Library Team

E-mail Id: librarian@mrsptu.ac.in